Dálkový přenos dat /

Gespeichert in:
Bibliographische Detailangaben
1. Verfasser: Pužman, Josef (Verfasst von)
Format: Buch
Sprache:Tschechisch
Veröffentlicht: Praha : SNTL, 1977
Schriftenreihe:Knižnice automatizace a regulace
Tags: Tag hinzufügen
Keine Tags, Fügen Sie das erste Tag hinzu!

MARC

LEADER 00000nam a22000003a 4500
001 stu940
005 20150617225621.6
008 911220s1977----cs------------------cze-d
040 |a STU  |b slo 
041 0 |a cze 
044 |a cs 
080 |a 621.391 
080 |a 518.5 
100 1 |a Pužman, Josef  |4 aut 
245 1 |a Dálkový přenos dat /  |c [aut.] Pužman,Josef 
260 |a Praha :  |b SNTL,  |c 1977 
300 |a 426 s :  |b 167 obr.,91 tab 
830 0 |a Knižnice automatizace a regulace 
996 |b E39347  |c E*39347  |l EE16  |s P  |a 0  |w stu940_0002 
996 |b 284EK04687  |c E*39416  |l EE01  |s A  |a 24  |w stu940_0004